[Event "Tradewise Gibraltar ChallWk2"]
[Site "Gibraltar"]
[Date "2017.01.28"]
[Round "1.33"]
[White "Ungureanu, Sandu"]
[Black "Hubbard, Michael"]
[Result "1-0"]
[WhiteElo "2071"]
[BlackElo "1909"]
[PlyCount "119"]
[EventDate "2017.01.28"]
[EventType "swiss"]
[EventRounds "5"]
[EventCountry "GGB"]
[SourceTitle "BritBase"]
[Source "www.saund.co.uk"]
[SourceDate "2018.02.10"]
[SourceVersion "1"]
[SourceVersionDate "2018.02.10"]
[SourceQuality "1"]

1. f4 d5 2. c4 c6 3. e3 Nf6 4. Nf3 Bg4 5. h3 Bxf3 6. Qxf3 e6 7. Nc3 Nbd7 8. g4
h6 9. d4 Bb4 10. Bd2 Ne4 11. Nxe4 dxe4 12. Qxe4 Qh4+ 13. Ke2 Bxd2 14. Kxd2
O-O-O 15. b4 Qe7 16. Rb1 e5 17. Kc1 Rhe8 18. fxe5 f6 19. e6 Qxe6 20. Qxe6 Rxe6
21. Rb3 Rde8 22. Kd2 Kc7 23. c5 Rd8 24. Bd3 Re7 25. Rf1 Nf8 26. Bf5 Ne6 27.
Bxe6 Rxe6 28. a4 Rd5 29. b5 b6 30. cxb6+ axb6 31. bxc6 Rxc6 32. Rc3 Ra5 33. Ra1
h5 34. Rxc6+ Kxc6 35. Kc3 Rg5 36. gxh5 Rxh5 37. Rh1 g5 38. Rf1 Rh6 39. Kc4 Rxh3
40. Rxf6+ Kc7 41. e4 Rh1 42. Rf7+ Kd6 43. e5+ Ke6 44. Rf6+ Kd7 45. Rxb6 g4 46.
Rg6 Rg1 47. d5 Rc1+ 48. Kd3 Rd1+ 49. Ke4 Ra1 50. Rxg4 Rxa4+ 51. Kf5 Ra5 52.
Rg7+ Kd8 53. d6 Ke8 54. Ke6 Kf8 55. Rb7 Ra8 56. Kf6 Kg8 57. e6 Rd8 58. d7 Ra8
59. e7 Ra6+ 60. Ke5 1-0

[Event "Tradewise Gibraltar ChallWk2"]
[Site "Gibraltar"]
[Date "2017.01.28"]
[Round "1.36"]
[White "Diaz Mino, Pablo"]
[Black "Anuprita, Patil"]
[Result "1/2-1/2"]
[WhiteElo "1834"]
[BlackElo "2066"]
[PlyCount "85"]
[EventDate "2017.01.28"]
[EventType "swiss"]
[EventRounds "5"]
[EventCountry "GGB"]
[SourceTitle "BritBase"]
[Source "www.saund.co.uk"]
[SourceDate "2018.02.10"]
[SourceVersion "1"]
[SourceVersionDate "2018.02.10"]
[SourceQuality "1"]

1. d4 Nf6 2. c4 e6 3. Nc3 d5 4. cxd5 exd5 5. Bg5 Be7 6. Qc2 h6 7. Bh4 O-O 8. e3
c6 9. Bd3 Re8 10. Nge2 Nbd7 11. Bxf6 Nxf6 12. O-O Bd6 13. Bf5 Ng4 14. Bxg4 Bxg4
15. Ng3 Qg5 16. f4 Qf6 17. Rae1 h5 18. h3 Qh4 19. Qf2 Bd7 20. Nh1 Qf6 21. Qf3
g6 22. Nf2 Bb4 23. Nd3 Ba5 24. Ne5 Bf5 25. Rc1 Bxc3 26. Rxc3 Qe7 27. Qg3 a5 28.
Kh2 a4 29. Qf2 f6 30. Nf3 a3 31. b3 Qb4 32. Rfc1 Qd6 33. Kg1 Kh7 34. h4 Re6 35.
Re1 Qb4 36. Qd2 Rae8 37. Kf2 Be4 38. Rc5 Qxd2+ 39. Nxd2 Ra8 40. Rc3 Kh6 41. Rg1
Bf5 42. g3 g5 43. Nf3 1/2-1/2

[Event "Tradewise Gibraltar ChallWk2"]
[Site "Gibraltar"]
[Date "2017.01.28"]
[Round "1.37"]
[White "Ebner, Johann"]
[Black "Gluckman, Paul"]
[Result "1/2-1/2"]
[WhiteElo "2066"]
[BlackElo "1831"]
[PlyCount "99"]
[EventDate "2017.01.28"]
[EventType "swiss"]
[EventRounds "5"]
[EventCountry "GGB"]
[SourceTitle "BritBase"]
[Source "www.saund.co.uk"]
[SourceDate "2018.02.10"]
[SourceVersion "1"]
[SourceVersionDate "2018.02.10"]
[SourceQuality "1"]

1. d4 Nf6 2. c4 g6 3. Nc3 d5 4. Bf4 Bg7 5. e3 O-O 6. Nf3 c5 7. dxc5 Qa5 8. Rc1
dxc4 9. Bxc4 Qxc5 10. Bb3 Nc6 11. O-O Qa5 12. h3 Bf5 13. Qe2 Rad8 14. Rfd1 h6
15. e4 Bc8 16. Nd5 Rd7 17. Nxf6+ exf6 18. Rd5 Qb4 19. Rxd7 Bxd7 20. Qd3 Bc8 21.
Bd6 Rd8 22. Rd1 Qa5 23. Qc2 Qh5 24. Rd5 f5 25. exf5 Bxf5 26. Qd1 Bxb2 27. g4
Qxh3 28. gxf5 gxf5 29. Be5 Qg4+ 30. Bg3 Bf6 31. Rxd8+ Nxd8 32. Ne5 Qg7 33. Nd7
Bd4 34. Kf1 Ne6 35. Qe2 f4 36. Bxf4 Qg6 37. Bxe6 fxe6 38. Ne5 Qf5 39. Qg4+ Qxg4
40. Nxg4 h5 41. Ne5 Kg7 42. Nf3 Bb6 43. Be3 Bxe3 44. fxe3 Kf6 45. Ke2 Kf5 46.
Kd3 e5 47. Nh4+ Kg5 48. Ng2 Kf5 49. Nh4+ Kg4 50. Ng2 1/2-1/2

[Event "Tradewise Gibraltar ChallWk2"]
[Site "Gibraltar"]
[Date "2017.01.28"]
[Round "1.38"]
[White "Dasaolu, Rotimi"]
[Black "O'Neil, Jim"]
[Result "0-1"]
[WhiteElo "2051"]
[BlackElo "1950"]
[PlyCount "97"]
[EventDate "2017.01.28"]
[EventType "swiss"]
[EventRounds "5"]
[EventCountry "GGB"]
[SourceTitle "BritBase"]
[Source "www.saund.co.uk"]
[SourceDate "2018.02.10"]
[SourceVersion "1"]
[SourceVersionDate "2018.02.10"]
[SourceQuality "1"]

1. e4 c5 2. Nf3 d6 3. Bb5+ Nd7 4. c3 a6 5. Ba4 b5 6. Bc2 Bb7 7. d4 Ngf6 8. Qe2
e6 9. O-O Be7 10. Rd1 O-O 11. h3 Qc7 12. Bg5 h6 13. Bh4 Rac8 14. Bd3 Rfe8 15.
Nbd2 c4 16. Bc2 e5 17. d5 Nc5 18. Nf1 Nh5 19. Bg3 Nf4 20. Bxf4 exf4 21. Nd4 Bg5
22. Qf3 Nd7 23. Re1 Ne5 24. Qd1 g6 25. Nh2 h5 26. Nhf3 Bh6 27. Nxe5 Rxe5 28.
Nf3 Re7 29. Qd4 Bg7 30. Qd2 Bh6 31. e5 Qd7 32. Rad1 dxe5 33. d6 Re6 34. Nxe5
Rxe5 35. Rxe5 Bxg2 36. Kxg2 f3+ 37. Kg3 h4+ 38. Kxh4 Bxd2 39. Rxd2 Kg7 40. Kg3
Rh8 41. h4 Qd8 42. Re4 f5 43. Re7+ Kf6 44. a4 f4+ 45. Kxf4 Rxh4+ 46. Kxf3 Qh8
47. Rd5 Qh6 48. Kg2 Qc1 49. Rd2 0-1

[Event "Tradewise Gibraltar ChallWk2"]
[Site "Gibraltar"]
[Date "2017.01.29"]
[Round "2.1"]
[White "Meszaros, Andras"]
[Black "Lung, Liviu-Catalin"]
[Result "1-0"]
[WhiteElo "2240"]
[BlackElo "2090"]
[PlyCount "41"]
[EventDate "2017.01.28"]
[EventType "swiss"]
[EventRounds "5"]
[EventCountry "GGB"]
[SourceTitle "BritBase"]
[Source "www.saund.co.uk"]
[SourceDate "2018.02.10"]
[SourceVersion "1"]
[SourceVersionDate "2018.02.10"]
[SourceQuality "1"]

1. e4 c5 2. Nf3 d6 3. Bb5+ Bd7 4. Bxd7+ Qxd7 5. c4 Nc6 6. d4 cxd4 7. Nxd4 Nf6
8. Nc3 g6 9. f3 Bg7 10. Be3 O-O 11. O-O Rfc8 12. b3 a6 13. a4 Qd8 14. Qd2 Qb6
15. Nxc6 Qxc6 16. Rac1 Qc7 17. Bd4 Qa5 18. Rfd1 Qb4 19. Rb1 Rd8 20. Qf2 Nd7 21.
Nd5 1-0

[Event "Tradewise Gibraltar ChallWk2"]
[Site "Gibraltar"]
[Date "2017.01.29"]
[Round "2.2"]
[White "Lochte, Thomas"]
[Black "Damia, Angelo"]
[Result "0-1"]
[WhiteElo "2070"]
[BlackElo "2233"]
[PlyCount "70"]
[EventDate "2017.01.28"]
[EventType "swiss"]
[EventRounds "5"]
[EventCountry "GGB"]
[SourceTitle "BritBase"]
[Source "www.saund.co.uk"]
[SourceDate "2018.02.10"]
[SourceVersion "1"]
[SourceVersionDate "2018.02.10"]
[SourceQuality "1"]

1. e4 Nc6 2. d4 d5 3. exd5 Qxd5 4. Nf3 e5 5. Nc3 Bb4 6. dxe5 Qxd1+ 7. Kxd1 Bg4
8. Bf4 Nge7 9. Bd3 O-O-O 10. Kc1 Bxc3 11. bxc3 Nd5 12. Bg5 Rde8 13. Bc4 Bxf3
14. gxf3 Rxe5 15. f4 Nxf4 16. Bxf4 Re4 17. Bxf7 Rxf4 18. Be6+ Kb8 19. Rg1 g6
20. Rb1 Rxf2 21. Bd5 Na5 22. Rg4 c6 23. Bg2 Re8 24. Rbb4 Ree2 25. Be4 Rxh2 26.
Rg5 b6 27. Bd3 Re1+ 28. Kb2 Kc7 29. Rf4 Re7 30. c4 Nb7 31. Rf6 Nc5 32. Bxg6
hxg6 33. Rgxg6 Ree2 34. Rxc6+ Kb7 35. Rcf6 Rxc2+ 0-1

[Event "Tradewise Gibraltar ChallWk2"]
[Site "Gibraltar"]
[Date "2017.01.29"]
[Round "2.3"]
[White "Villar Reymundo, Juan Antonio"]
[Black "Romero Valencia, Fernando"]
[Result "1-0"]
[WhiteElo "2212"]
[BlackElo "2078"]
[PlyCount "46"]
[EventDate "2017.01.28"]
[EventType "swiss"]
[EventRounds "5"]
[EventCountry "GGB"]
[SourceTitle "BritBase"]
[Source "www.saund.co.uk"]
[SourceDate "2018.02.10"]
[SourceVersion "1"]
[SourceVersionDate "2018.02.10"]
[SourceQuality "1"]

1. d4 f5 2. Nf3 Nf6 3. g3 g6 4. b3 Bg7 5. Bb2 O-O 6. Bg2 d6 7. c4 Ne4 8. Qc2 c5
9. d5 Qa5+ 10. Nfd2 Bxb2 11. Qxb2 Nd7 12. O-O Nxd2 13. Nxd2 b5 14. Rfe1 f4 15.
cxb5 Qxb5 16. Nf3 Rb8 17. e4 Nb6 18. e5 fxg3 19. hxg3 Bg4 20. exd6 Rxf3 21.
Bxf3 Nc4 22. Qc3 Nxd6 23. Bxg4 Ra8 1-0

[Event "Tradewise Gibraltar ChallWk2"]
[Site "Gibraltar"]
[Date "2017.01.29"]
[Round "2.4"]
[White "Kulkarni, Chinmay"]
[Black "Ungureanu, Sandu"]
[Result "1-0"]
[WhiteElo "2208"]
[BlackElo "2071"]
[PlyCount "145"]
[EventDate "2017.01.28"]
[EventType "swiss"]
[EventRounds "5"]
[EventCountry "GGB"]
[SourceTitle "BritBase"]
[Source "www.saund.co.uk"]
[SourceDate "2018.02.10"]
[SourceVersion "1"]
[SourceVersionDate "2018.02.10"]
[SourceQuality "1"]

1. e4 c6 2. d4 d5 3. Nd2 dxe4 4. Nxe4 Nf6 5. Ng3 g6 6. Nf3 Bg4 7. c3 Bg7 8. h3
Bxf3 9. Qxf3 Nbd7 10. Bc4 e5 11. Be3 exd4 12. Bxd4 Qe7+ 13. Qe2 Qxe2+ 14. Bxe2
O-O 15. O-O Nd5 16. Rfd1 Bxd4 17. Rxd4 Nc5 18. Rad1 Ne6 19. R4d2 Nf6 20. Bc4
Rfe8 21. Rd6 Kg7 22. Bxe6 Rxe6 23. Rxe6 fxe6 24. Ne2 e5 25. Nc1 Kf7 26. Nd3 Nd7
27. b3 Ke7 28. f3 Rd8 29. Re1 Kd6 30. Kf2 Re8 31. Ke3 Nf6 32. Nf2 Nd5+ 33. Kd2
Nf6 34. h4 b5 35. Kd3 Rd8 36. Kc2 a5 37. Re2 Re8 38. Re1 Re7 39. Kd3 Rd7 40.
Kc2 Re7 41. Rd1+ Kc7 42. g4 Rf7 43. Rd3 Nd5 44. Ne4 Nf4 45. Rd2 Nd5 46. Rd3 h6
47. a3 Nf6 48. Nc5 Re7 49. g5 hxg5 50. hxg5 Nd5 51. c4 Nf4 52. Rd2 Ne6 53.
Nxe6+ Rxe6 54. c5 e4 55. Re2 Re5 56. b4 axb4 57. axb4 e3 58. Kd3 Rxg5 59. Rxe3
Kd7 60. Re4 Rg1 61. Rh4 Rb1 62. Rd4+ Ke6 63. Kc2 Rf1 64. Rd6+ Kf5 65. Rxc6 Rxf3
66. Rb6 Ke5 67. Rxb5 Kd4 68. Rb7 g5 69. Kb2 Kd5 70. Rd7+ Kc4 71. c6 Rf6 72. c7
Rf2+ 73. Kc1 {Kd5} 1-0

[Event "Tradewise Gibraltar ChallWk2"]
[Site "Gibraltar"]
[Date "2017.01.29"]
[Round "2.5"]
[White "Kozarcanin, Sead"]
[Black "Carrascoso Morales, Abel"]
[Result "0-1"]
[WhiteElo "2069"]
[BlackElo "2200"]
[PlyCount "137"]
[EventDate "2017.01.28"]
[EventType "swiss"]
[EventRounds "5"]
[EventCountry "GGB"]
[SourceTitle "BritBase"]
[Source "www.saund.co.uk"]
[SourceDate "2018.02.10"]
[SourceVersion "1"]
[SourceVersionDate "2018.02.10"]
[SourceQuality "1"]

1. b3 e5 2. Bb2 Nc6 3. e3 Nf6 4. Bb5 Bd6 5. Ne2 a6 6. Bxc6 dxc6 7. c4 c5 8.
Nbc3 Bd7 9. Qc2 h5 10. Ng3 Bc6 11. f3 h4 12. Nge4 Be7 13. O-O-O Qd7 14. Nxf6+
gxf6 15. e4 O-O-O 16. Kb1 Kb8 17. Nd5 Bxd5 18. cxd5 c6 19. dxc6 Qxc6 20. Qc4
Qe6 21. g4 hxg3 22. hxg3 Rxh1 23. Rxh1 Rxd2 24. Qxe6 fxe6 25. Rh7 Bd8 26. g4
Kc8 27. Rh3 Rg2 28. Bc1 b5 29. Rh6 Rg3 30. g5 Rxf3 31. g6 Rg3 32. Bd2 b4 33.
Kc2 f5 34. g7 Rxg7 35. Rxe6 fxe4 36. Rxe5 Rg2 37. Rxc5+ Kb7 38. Kd1 e3 39. Bxe3
Rxa2 40. Rd5 Bf6 41. Rd6 Bc3 42. Bc1 a5 43. Rh6 Rg2 44. Rh5 Kb6 45. Be3+ Ka6
46. Rh6+ Kb7 47. Rb6+ Kc7 48. Ra6 Ra2 49. Bc1 Kb7 50. Rh6 a4 51. bxa4 b3 52.
Rh3 b2 53. Bxb2 Bxb2 54. Kc2 Be5+ 55. Kb3 Rb2+ 56. Kc4 Kc6 57. Rh5 Bd6 58. Rb5
Rf2 59. Ra5 Rf4+ 60. Kb3 Bc5 61. Ra6+ Kd5 62. a5 Rf3+ 63. Kb2 Kc4 64. Re6 Rf2+
65. Kb1 Kb3 66. Re1 Bb4 67. Rh1 Bc3 68. Kc1 Ra2 69. Kd1 0-1

[Event "Tradewise Gibraltar ChallWk2"]
[Site "Gibraltar"]
[Date "2017.01.29"]
[Round "2.7"]
[White "Lopez De Turiso, Jose Angel"]
[Black "Osuna Vega, Enrique"]
[Result "1/2-1/2"]
[WhiteElo "2019"]
[BlackElo "2181"]
[PlyCount "59"]
[EventDate "2017.01.28"]
[EventType "swiss"]
[EventRounds "5"]
[EventCountry "GGB"]
[SourceTitle "BritBase"]
[Source "www.saund.co.uk"]
[SourceDate "2018.02.10"]
[SourceVersion "1"]
[SourceVersionDate "2018.02.10"]
[SourceQuality "1"]

1. d4 Nf6 2. c4 g6 3. Nc3 d5 4. Nf3 Bg7 5. Bf4 c5 6. e3 Nc6 7. Be2 cxd4 8. Nxd4
O-O 9. O-O Nxd4 10. exd4 b6 11. cxd5 Bb7 12. d6 exd6 13. Bf3 d5 14. Re1 Ne4 15.
Nxe4 dxe4 16. Bxe4 Bxe4 17. Rxe4 f5 18. Re2 Qxd4 19. Qxd4 Bxd4 20. Rd2 Bf6 21.
Rad1 Rac8 22. b3 Rc6 23. h3 g5 24. Bd6 Rfc8 25. g4 fxg4 26. hxg4 Rc1 27. Rxc1
Rxc1+ 28. Kg2 a6 29. Bg3 Rc6 30. Rd6 1/2-1/2

[Event "Tradewise Gibraltar ChallWk2"]
[Site "Gibraltar"]
[Date "2017.01.29"]
[Round "2.8"]
[White "Mircov, Nicola-Alexandar"]
[Black "Herzwurm, Robert"]
[Result "1-0"]
[WhiteElo "1957"]
[BlackElo "2143"]
[PlyCount "51"]
[EventDate "2017.01.28"]
[EventType "swiss"]
[EventRounds "5"]
[EventCountry "GGB"]
[SourceTitle "BritBase"]
[Source "www.saund.co.uk"]
[SourceDate "2018.02.10"]
[SourceVersion "1"]
[SourceVersionDate "2018.02.10"]
[SourceQuality "1"]

1. e4 e6 2. d4 d5 3. e5 c5 4. c3 Nc6 5. Nf3 Qb6 6. a3 c4 7. g3 f6 8. exf6 Nxf6
9. Qe2 Bd6 10. Ng5 O-O 11. f4 e5 12. dxe5 Bg4 13. Be3 d4 14. Qxc4+ Kh8 15. cxd4
Bxe5 16. fxe5 Nxe5 17. Qb5 Qd8 18. Qxe5 Nd5 19. Bc4 Nxe3 20. Qxe3 Qc7 21. Be6
Rae8 22. d5 h6 23. h4 Bf3 24. Nxf3 Qxg3+ 25. Qf2 Qf4 26. Nbd2 1-0

[Event "Tradewise Gibraltar ChallWk2"]
[Site "Gibraltar"]
[Date "2017.01.29"]
[Round "2.9"]
[White "Clark, Ian C"]
[Black "Gonzalez Gonzalez, Alfonso"]
[Result "0-1"]
[WhiteElo "1969"]
[BlackElo "2162"]
[PlyCount "64"]
[EventDate "2017.01.28"]
[EventType "swiss"]
[EventRounds "5"]
[EventCountry "GGB"]
[SourceTitle "BritBase"]
[Source "www.saund.co.uk"]
[SourceDate "2018.02.10"]
[SourceVersion "1"]
[SourceVersionDate "2018.02.10"]
[SourceQuality "1"]

1. e4 c5 2. Nf3 a6 3. d4 cxd4 4. Nxd4 Nf6 5. Nc3 e5 6. Nf3 Bb4 7. Bd2 O-O 8.
Bd3 Nc6 9. O-O d6 10. h3 h6 11. a3 Bc5 12. Ne2 Be6 13. c4 Nh7 14. b4 Ba7 15.
Rc1 Ng5 16. Nxg5 hxg5 17. Ng3 g6 18. Be2 Kg7 19. Bg4 f5 20. exf5 gxf5 21. Bf3
e4 22. Bxe4 fxe4 23. Nxe4 g4 24. hxg4 d5 25. Ng5 Bg8 26. cxd5 Qxd5 27. Bc3+ Kg6
28. Nf3 Rad8 29. Qc2+ Qd3 30. Qb2 Rxf3 31. gxf3 Qxf3 32. Be5 Bd5 0-1

[Event "Tradewise Gibraltar ChallWk2"]
[Site "Gibraltar"]
[Date "2017.01.29"]
[Round "2.10"]
[White "Jordan Martinez, Miguel"]
[Black "Amgalanbaatar, Ravdanlkhumbuu"]
[Result "0-1"]
[WhiteElo "2142"]
[BlackElo "1988"]
[PlyCount "210"]
[EventDate "2017.01.28"]
[EventType "swiss"]
[EventRounds "5"]
[EventCountry "GGB"]
[SourceTitle "BritBase"]
[Source "www.saund.co.uk"]
[SourceDate "2018.02.10"]
[SourceVersion "1"]
[SourceVersionDate "2018.02.10"]
[SourceQuality "1"]

1. e4 d6 2. d4 Nf6 3. Nc3 c6 4. f4 Qa5 5. e5 Ne4 6. Qf3 Nxc3 7. Bd2 Qd5 8. Bxc3
Qxf3 9. Nxf3 Bf5 10. O-O-O d5 11. h3 h5 12. Rg1 e6 13. g4 Be4 14. Ng5 Bg6 15.
Nf3 c5 16. dxc5 Bxc5 17. Bd4 Be7 18. Bd3 Bxd3 19. Rxd3 Nc6 20. Kb1 hxg4 21.
hxg4 Rh3 22. Rf1 Rg3 23. g5 g6 24. Bc3 Rh3 25. a3 O-O-O 26. Nd4 Rdh8 27. Nf3
Rh1 28. Rxh1 Rxh1+ 29. Ka2 a6 30. Bd2 Rh3 31. Kb1 Bc5 32. Ka2 Ba7 33. Ne1 Rh2
34. Nf3 Rf2 35. Kb1 Ne7 36. Nd4 Bxd4 37. Rxd4 Rf3 38. Rd3 Rxd3 39. cxd3 Nf5 40.
Kc2 Kc7 41. Kc3 d4+ 42. Kc4 Kc6 43. b4 b5+ 44. Kb3 Ne3 45. Kb2 Nd5 46. Kb3 Ne7
47. Kb2 Kd5 48. Kc2 Nc6 49. Kb3 Na7 50. Kc2 Kc6 51. Kb3 Kb6 52. Kc2 Nc6 53. Kb2
Ne7 54. Kc2 Nf5 55. Kd1 Ng3 56. Be1 Nf5 57. Bd2 Ne7 58. Kc2 Nd5 59. Kb3 Ne3 60.
Kb2 Nf1 61. Bc1 a5 62. Kc2 a4 63. Bb2 Ne3+ 64. Kd2 Nf5 65. Ke2 Kc6 66. Bc1 Kd5
67. Bd2 Ne7 68. Bc1 Nc8 69. Kd2 Na7 70. Ke2 Nc6 71. Kd2 Ne7 72. Ke2 Kc6 73. Kd2
Nd5 74. Ke2 Nc3+ 75. Kd2 Nd5 76. Ke2 Ne7 77. Kd2 Nf5 78. Ke2 Kd5 79. Bd2 Ne7
80. Kd1 Nc6 81. Ke2 Na7 82. Kd1 Nc8 83. Bc1 Nb6 84. Ke2 Nd7 85. Kd1 Nxe5 86.
fxe5 Kxe5 87. Ke2 f5 88. gxf6 Kxf6 89. Kf3 Kf5 90. Bh6 e5 91. Kg3 e4 92. dxe4+
Kxe4 93. Kf2 Kd3 94. Ke1 Kc2 95. Bg5 Kb2 96. Bf6 Kxa3 97. Bxd4 Kxb4 98. Kd2 Kb3
99. Bf6 a3 100. Kc1 a2 101. Kd2 g5 102. Kd3 g4 103. Ke4 Kc2 104. Kf4 b4 105.
Kxg4 b3 0-1

[Event "Tradewise Gibraltar ChallWk2"]
[Site "Gibraltar"]
[Date "2017.01.29"]
[Round "2.11"]
[White "O'Neil, Jim"]
[Black "Santos Izquierdo, Francisco J"]
[Result "0-1"]
[WhiteElo "1950"]
[BlackElo "2133"]
[PlyCount "68"]
[EventDate "2017.01.28"]
[EventType "swiss"]
[EventRounds "5"]
[EventCountry "GGB"]
[SourceTitle "BritBase"]
[Source "www.saund.co.uk"]
[SourceDate "2018.02.10"]
[SourceVersion "1"]
[SourceVersionDate "2018.02.10"]
[SourceQuality "1"]

1. e4 e6 2. d3 d5 3. Nd2 c5 4. Ngf3 Nc6 5. g3 g6 6. Bg2 Bg7 7. O-O Nge7 8. Re1
h6 9. h4 b6 10. e5 Qc7 11. Qe2 Bb7 12. Nf1 g5 13. hxg5 hxg5 14. Bxg5 Ng6 15.
Bf6 Bxf6 16. exf6 O-O-O 17. c3 Rdg8 18. d4 cxd4 19. cxd4 Qd8 20. Rac1 Kb8 21.
Rxc6 Bxc6 22. Rc1 Qd6 23. Ne5 Nxe5 24. dxe5 Qd7 25. Ne3 Bb7 26. Rd1 d4 27. Nc2
Bxg2 28. Kxg2 Qd5+ 29. f3 Rg5 30. Nxd4 Rgh5 31. Qd3 Rh2+ 32. Kf1 Rh1+ 33. Ke2
R8h2+ 34. Ke3 Qxe5+ 0-1

[Event "Tradewise Gibraltar ChallWk2"]
[Site "Gibraltar"]
[Date "2017.01.29"]
[Round "2.12"]
[White "Bottema, Martin"]
[Black "Mashayekh, Majid"]
[Result "1/2-1/2"]
[WhiteElo "2128"]
[BlackElo "1944"]
[PlyCount "77"]
[EventDate "2017.01.28"]
[EventType "swiss"]
[EventRounds "5"]
[EventCountry "GGB"]
[SourceTitle "BritBase"]
[Source "www.saund.co.uk"]
[SourceDate "2018.02.10"]
[SourceVersion "1"]
[SourceVersionDate "2018.02.10"]
[SourceQuality "1"]

1. c4 Nf6 2. Nc3 e6 3. Nf3 d5 4. d4 Be7 5. Bf4 c6 6. e3 Nbd7 7. c5 Nh5 8. Bd3
Nxf4 9. exf4 b6 10. b4 a5 11. a3 Qc7 12. g3 Bf6 13. Ne5 g6 14. O-O axb4 15.
axb4 Rxa1 16. Qxa1 bxc5 17. bxc5 Bxe5 18. fxe5 O-O 19. f4 Bb7 20. Rb1 Ra8 21.
Qb2 Bc8 22. Ra1 Qb8 23. Qxb8 Rxa1+ 24. Qb1 Rxb1+ 25. Nxb1 Kf8 26. Kf2 Ke7 27.
Nd2 Nb8 28. g4 h6 29. h4 Ba6 30. Ke3 Bxd3 31. Kxd3 Na6 32. Nf1 Nb4+ 33. Kc3
Na2+ 34. Kd2 f5 35. exf6+ Kxf6 36. Ne3 g5 37. fxg5+ hxg5 38. h5 Nb4 39. Nc2
1/2-1/2

[Event "Tradewise Gibraltar ChallWk2"]
[Site "Gibraltar"]
[Date "2017.01.29"]
[Round "2.13"]
[White "Slinger, Tony J"]
[Black "Jordan Martinez, David"]
[Result "1-0"]
[WhiteElo "1911"]
[BlackElo "2122"]
[PlyCount "135"]
[EventDate "2017.01.28"]
[EventType "swiss"]
[EventRounds "5"]
[EventCountry "GGB"]
[SourceTitle "BritBase"]
[Source "www.saund.co.uk"]
[SourceDate "2018.02.10"]
[SourceVersion "1"]
[SourceVersionDate "2018.02.10"]
[SourceQuality "1"]

1. e4 c5 2. Nf3 g6 3. d4 cxd4 4. Nxd4 Nc6 5. c4 Bg7 6. Be3 Nf6 7. Nc3 d6 8. Be2
O-O 9. Qd2 Bd7 10. f3 Nxd4 11. Bxd4 Bc6 12. O-O a5 13. Rfd1 Nd7 14. Be3 Nc5 15.
Rab1 Qb6 16. Nd5 Bxd5 17. cxd5 Rfc8 18. Bd4 Bxd4+ 19. Qxd4 Rc7 20. Kf1 Rac8 21.
Rbc1 h6 22. Rc2 Nd7 23. Rxc7 Qxc7 24. f4 Qc2 25. Bg4 Rc4 26. Qd2 Nf6 27. Bf3
Qxd2 28. Rxd2 Nxe4 29. Bxe4 Rxe4 30. g3 Rc4 31. Ke2 Kg7 32. Kd3 Rc5 33. Kd4 b5
34. b3 b4 35. Re2 Kf6 36. Ke4 Rc3 37. Kd4 h5 38. Ke4 Rc5 39. Rd2 Rc1 40. Kd4
Rc3 41. Ke4 h4 42. g4 g5 43. Rf2 gxf4 44. Kxf4 e5+ 45. dxe6 fxe6 46. g5+ Kg7
47. Kg4 h3 48. Re2 Kf7 49. Kh5 e5 50. Kh6 Ke6 51. g6 d5 52. g7 Rc8 53. Rf2 Rg8
54. Rf8 Rxg7 55. Kxg7 e4 56. Kg6 Ke5 57. Kg5 Kd4 58. Kf4 Kd3 59. Re8 Kc3 60.
Re5 Kb2 61. Rxd5 Kxa2 62. Rxa5+ Kxb3 63. Kxe4 Kc4 64. Ra8 b3 65. Rb8 Kc3 66.
Kf3 b2 67. Kg3 Kc2 68. Kxh3 1-0

[Event "Tradewise Gibraltar ChallWk2"]
[Site "Gibraltar"]
[Date "2017.01.29"]
[Round "2.14"]
[White "Vinas Guerrero, Carlos A"]
[Black "Marcos Herrero, Francisco"]
[Result "1/2-1/2"]
[WhiteElo "2111"]
[BlackElo "1918"]
[PlyCount "70"]
[EventDate "2017.01.28"]
[EventType "swiss"]
[EventRounds "5"]
[EventCountry "GGB"]
[SourceTitle "BritBase"]
[Source "www.saund.co.uk"]
[SourceDate "2018.02.10"]
[SourceVersion "1"]
[SourceVersionDate "2018.02.10"]
[SourceQuality "1"]

1. e4 c5 2. Ne2 Nc6 3. d3 g6 4. g3 Nf6 5. Bg2 d5 6. exd5 Nxd5 7. Nbc3 Nb6 8.
O-O Bg7 9. a4 O-O 10. a5 Nd7 11. a6 Rb8 12. Be3 Nd4 13. axb7 Bxb7 14. Rxa7 Bxg2
15. Kxg2 Rxb2 16. Bxd4 cxd4 17. Ne4 Nf6 18. Nd2 Nd5 19. Nc4 Rb5 20. Qa1 Nb6 21.
Nxb6 Rxb6 22. Rb1 Qd5+ 23. Kg1 Rxb1+ 24. Qxb1 e6 25. Rb7 Rc8 26. Rb8 Qd8 27.
Rxc8 Qxc8 28. Qb3 Bf6 29. Kg2 Kg7 30. Nf4 Qc6+ 31. f3 h5 32. h4 Qc7 33. Nh3 Qe5
34. Qb1 Qe2+ 35. Nf2 Be7 1/2-1/2

[Event "Tradewise Gibraltar ChallWk2"]
[Site "Gibraltar"]
[Date "2017.01.29"]
[Round "2.15"]
[White "Christophe-Hayot, Romain"]
[Black "Schouten, Freek"]
[Result "0-1"]
[WhiteElo "1784"]
[BlackElo "2095"]
[PlyCount "128"]
[EventDate "2017.01.28"]
[EventType "swiss"]
[EventRounds "5"]
[EventCountry "GGB"]
[SourceTitle "BritBase"]
[Source "www.saund.co.uk"]
[SourceDate "2018.02.10"]
[SourceVersion "1"]
[SourceVersionDate "2018.02.10"]
[SourceQuality "1"]

1. e4 g6 2. Nc3 Bg7 3. Nf3 c5 4. Be2 Nc6 5. O-O d6 6. d3 e6 7. Bf4 Nge7 8. Nb5
e5 9. Bg5 f6 10. Bd2 a6 11. Na3 b5 12. b3 O-O 13. c4 b4 14. Nc2 Bd7 15. Qc1 f5
16. Bh6 f4 17. Bxg7 Kxg7 18. a3 a5 19. axb4 axb4 20. Qb2 h6 21. Rxa8 Qxa8 22.
Ra1 Qb7 23. Nd2 Ra8 24. g3 g5 25. Bh5 Rxa1+ 26. Qxa1 Qa7 27. Qb2 Ng8 28. gxf4
gxf4 29. Bf3 Nf6 30. Kh1 Nh7 31. Qb1 Kf6 32. Bg2 Be6 33. Nf3 Bg4 34. h3 Bh5 35.
Ng1 Ng5 36. f3 Nd4 37. Nxd4 cxd4 38. Kh2 Qa3 39. Kh1 Ne6 40. Ne2 Nc5 41. Nc1
Be8 42. Qc2 Qa1 43. Kh2 Qc3 44. Qd1 Kg5 45. Bf1 Bd7 46. Be2 Kf6 47. h4 Qb2 48.
Kh1 Ne6 49. Kg1 Ng7 50. Bf1 Nh5 51. Ne2 Kg6 52. Nc1 Ng3 53. Qe1 Kh5 54. Ne2
Kxh4 55. Qf2 Kg5 56. Qg2 Kf6 57. Nxg3 Qxg2+ 58. Kxg2 fxg3 59. Kxg3 Ba4 60. f4
exf4+ 61. Kxf4 Bxb3 62. c5 dxc5 63. e5+ Ke7 64. Bg2 Bc2 0-1

[Event "Tradewise Gibraltar ChallWk2"]
[Site "Gibraltar"]
[Date "2017.01.29"]
[Round "2.16"]
[White "Hamer, Martyn"]
[Black "Renteria, Jorge"]
[Result "0-1"]
[WhiteElo "2039"]
[BlackElo "2242"]
[PlyCount "90"]
[EventDate "2017.01.28"]
[EventType "swiss"]
[EventRounds "5"]
[EventCountry "GGB"]
[SourceTitle "BritBase"]
[Source "www.saund.co.uk"]
[SourceDate "2018.02.10"]
[SourceVersion "1"]
[SourceVersionDate "2018.02.10"]
[SourceQuality "1"]

1. Nf3 Nf6 2. c4 g6 3. g3 Bg7 4. Bg2 O-O 5. O-O d6 6. d4 c6 7. Nc3 Nbd7 8. e4
e5 9. Rb1 a5 10. h3 a4 11. Re1 exd4 12. Nxd4 Nc5 13. b4 axb3 14. axb3 Re8 15.
b4 Ne6 16. Be3 Nxd4 17. Bxd4 Be6 18. Qd3 Ra3 19. Rec1 c5 20. Be3 Nd7 21. bxc5
Qf6 22. cxd6 Rxc3 23. Rxc3 Qxc3 24. Qxc3 Bxc3 25. Rxb7 Rc8 26. Bf1 Kf8 27. Rc7
Rxc7 28. dxc7 Ne5 29. Bb6 Bc8 30. Be2 Ke7 31. c5 Nd7 32. Kg2 Bb4 33. f4 Bxc5
34. Bxc5+ Nxc5 35. e5 Na6 36. h4 Nxc7 37. h5 Nd5 38. hxg6 hxg6 39. Kf3 Bb7 40.
Kg4 Ne3+ 41. Kg5 Nf5 42. g4 Nd4 43. Bd3 Ne6+ 44. Kh6 Nxf4 45. Bc2 Ke6 0-1